Countries, US States, Capitals, Elements, 100 Most Common Words: 2nd letter is R - Statistics

General Stats
  • This quiz has been taken 1,181 times
  • The average score is 33 of 47
Answer Stats
Category LETTERS ONLY LETTERS AND SPACES ANSWER % Correct
Most Common English Words (100) OR OR Or
91%
Countries of the World (196) FRANCE FRANCE France
89%
50 States in One Minute (50) ARKANSAS ARKANSAS Arkansas
86%
Countries of the World (196) BRAZIL BRAZIL Brazil
86%
Countries of the World (196) ARMENIA ARMENIA Armenia
84%
Countries of the World (196) GREECE GREECE Greece
84%
Countries of the World (196) ARGENTINA ARGENTINA Argentina
83%
Countries of the World (196) CROATIA CROATIA Croatia
83%
Countries of the World (196) IRELAND IRELAND Ireland
83%
50 States in One Minute (50) OREGON OREGON Oregon
83%
50 States in One Minute (50) ARIZONA ARIZONA Arizona
82%
Countries of the World (196) SRILANKA SRI LANKA Sri Lanka
81%
Countries of the World (196) IRAN IRAN Iran
79%
Periodic Table Quiz (118) ARGON ARGON Argon
78%
Countries of the World (196) IRAQ IRAQ Iraq
78%
Periodic Table Quiz (118) BROMINE BROMINE Bromine
77%
Countries of the World (196) GRENADA GRENADA Grenada
75%
Countries of the World (196) URUGUAY URUGUAY Uruguay
73%
Periodic Table Quiz (118) KRYPTON KRYPTON Krypton
72%
Periodic Table Quiz (118) IRIDIUM IRIDIUM Iridium
71%
World Capitals (196) PRAGUE PRAGUE Prague
71%
Countries of the World (196) TRINIDADANDTOBAGO TRINIDAD AND TOBAGO Trinidad and Tobago
71%
World Capitals (196) BRASILIA BRASILIA Brasília
70%
World Capitals (196) BRATISLAVA BRATISLAVA Bratislava
70%
Periodic Table Quiz (118) FRANCIUM FRANCIUM Francium
70%
Countries of the World (196) BRUNEI BRUNEI Brunei
68%
Periodic Table Quiz (118) URANIUM URANIUM Uranium
67%
World Capitals (196) FREETOWN FREETOWN Freetown
66%
World Capitals (196) PRISTINA PRISTINA Pristina
66%
Countries of the World (196) ERITREA ERITREA Eritrea
65%
Periodic Table Quiz (118) IRON IRON Iron
63%
World Capitals (196) PRAIA PRAIA Praia
63%
Periodic Table Quiz (118) ARSENIC ARSENIC Arsenic
62%
World Capitals (196) PRETORIA PRETORIA Pretoria
62%
World Capitals (196) SRIJAYAWARDENAPURAKOTTE SRI JAYAWARDENAPURA KOTTE Sri Jayawardenapura Kotte
62%
World Capitals (196) BRAZZAVILLE BRAZZAVILLE Brazzaville
61%
World Capitals (196) BRUSSELS BRUSSELS Brussels
61%
Most Common English Words (100) FROM FROM From
58%
Periodic Table Quiz (118) ERBIUM ERBIUM Erbium
57%
US State Capitals (50) TRENTON TRENTON Trenton
56%
World Capitals (196) TRIPOLI TRIPOLI Tripoli
55%
Periodic Table Quiz (118) PROMETHIUM PROMETHIUM Promethium
54%
Periodic Table Quiz (118) PRASEODYMIUM PRASEODYMIUM Praseodymium
52%
US State Capitals (50) PROVIDENCE PROVIDENCE Providence
51%
Periodic Table Quiz (118) PROTACTINIUM PROTACTINIUM Protactinium
50%
US State Capitals (50) FRANKFORT FRANKFORT Frankfort
46%
World Capitals (196) BRIDGETOWN BRIDGETOWN Bridgetown
45%
No matching quizzes found
Score Distribution
Percent of People with Each Score
Percentile by Number Answered
Your Score History
You have not taken this quiz